La filosofía analítica del siglo XX
Gardado en:
| Autor Principal: | |
|---|---|
| Formato: | Libro |
| Idioma: | Lingua castelá |
| Publicado: |
Madrid
Siglo XXI
2002
|
| Series: | Filosofía
|
| Subjects: | |
| Tags: |
Engadir etiqueta
Sen Etiquetas, Sexa o primeiro en etiquetar este rexistro!
|
MARC
| LEADER | 00000nam a2200000 a 4500 | ||
|---|---|---|---|
| 001 | UCL2820 | ||
| 003 | CL-VaPUC | ||
| 008 | 031107e20020000SP |||||||||||||||||spa|d | ||
| 020 | |a 8432311073 | ||
| 082 | 0 | 4 | |a 190 |b STR |2 21 |
| 100 | 0 | |a Stroll, Avrum |e author |9 479942 | |
| 245 | 1 | 3 | |a La filosofía analítica del siglo XX |
| 300 | |a 349 p | ||
| 942 | |c BK | ||
| 945 | |d 20031107 00:00:00 |a cmena | ||
| 260 | |a Madrid |b Siglo XXI |c 2002 | ||
| 650 | 0 | |a Filosofía contemporánea |9 265372 | |
| 650 | 0 | |a Lógica |9 256849 | |
| 650 | 0 | |a Positivismo |9 269460 | |
| 650 | 0 | |a Escuelas filosóficas |9 266232 | |
| 583 | |a last modification |c 20031107 00:00:00 |k Rodrigo Vera | ||
| 490 | 0 | |a Filosofía | |
| 999 | |c 306000 |d 305998 | ||
| 952 | |0 0 |1 0 |4 0 |6 190_000000000000000_STR_2002 |7 0 |8 A |9 370633 |a BIBEDU |b BIBEDU |d 2019-11-21 |i 3941698 |o 190 STR 2002 |p 3941698 |r 2019-11-21 |w 2019-11-21 |y BK |k FIL | ||